Za zatvorenými dverami /
Sugar & Spice je najnovšia šialená aplikácia, ktorá si hneď po uverejnení podmanila ľudí na celom svete. Pre Abby a Brendana Hollanderovcov však jej stiahnutie vedie k nebezpečnej hre na život a na smrť. Aplikácia im totiž zadáva sériu čoraz viac tabuizovaných úloh, ktoré prekračujú všetky m...
Uloženo v:
| Hlavní autor: | |
|---|---|
| Médium: | E-kniha |
| Jazyk: | Czech |
| Vydáno: |
Praha :
Albatros Media Slovakia s.r.o.,
2025
|
| Tagy: |
Žádné tagy |
| LEADER | 01439nam a22002297i 4500 | ||
|---|---|---|---|
| 001 | 303370 | ||
| 007 | ta | ||
| 008 | 260519s2025 xr ||||| |||| 00| 0 cze d | ||
| 020 | |a 9788056644119 | ||
| 044 | |a xr | ||
| 100 | 1 | |a Barker, J.D. |4 aut | |
| 245 | 1 | 0 | |a Za zatvorenými dverami / |c Barker, J.D. |
| 240 | 1 | 0 | |a Behind A Closed Doors |
| 264 | 1 | |a Praha : |b Albatros Media Slovakia s.r.o., |c 2025 | |
| 300 | |a 1 online zdroj (504 stran) | ||
| 336 | |a text |b txt |2 rdacontent | ||
| 337 | |a bez média |b n |2 rdamedia | ||
| 338 | |a online zdroj |b cr |2 rdacarrier | ||
| 520 | 2 | |a Sugar & Spice je najnovšia šialená aplikácia, ktorá si hneď po uverejnení podmanila ľudí na celom svete. Pre Abby a Brendana Hollanderovcov však jej stiahnutie vedie k nebezpečnej hre na život a na smrť. Aplikácia im totiž zadáva sériu čoraz viac tabuizovaných úloh, ktoré prekračujú všetky medze. Čoskoro sa ocitnú v spletitej sieti zvádzania a násilia a uvedomia si, že „hra“ úplne ovládla ich život… | |
| 910 | |a RBIT002 | ||
| 998 | |d 426880 |a https://core.palmknihy.cz/api/books/426880/cover?tesgh8 |b https://core.palmknihy.cz/api/books/426880/cover/400?tesgh8 |c https://core.palmknihy.cz/api/books/426880/cover/50?tesgh8 |e 2028-10-31 |g 504 |i 9788056644119 |j https://core.palmknihy.cz/api/books/426880/preview.epub |k https://core.palmknihy.cz/api/books/426880/preview.pdf |l |q 49 |r 1 |s https://www.palmknihy.cz/kniha/426880 |t ebook |y 2025 |z 1 | ||
| 999 | |d 303368 | ||